Evaluation and treatment of pediatric feeding disorders (Registro nro. 321678)
[ vista simple ]
| 000 -ENCABEZADO | |
|---|---|
| Número de control [NR] | 01058nam a22002417a 4500 |
| 005 - FECHA Y HORA DE LA ÚLTIMA TRANSACCIÓN | |
| control field | 20220919143735.0 |
| 008 - DE LONGITUD FIJA DE DATOS DE ELEMENTOS - INFORMACIÓN GENERAL | |
| Elementos de longitud fija [NR] | 220919s2003 txua|||fr|||| 00| 0 eng d |
| 040 ## - FUENTE DE CATALOGACION [NR] | |
| Agencia de catalogación original [NR] | CO-BoUCM |
| Idioma de catalogación [NR] | spa |
| Quien Cataloga | Deissy Garcia |
| Quien Clasifica | Deissy Garcia |
| 041 0# - CODIGO DE IDIOMA [R] | |
| Código de idioma para texto/pista de sonido o título separado [R] | Inglés |
| 060 ## - SIGNATURA TOPOGRAFICA DE LA BIBLIOTECA NACIONAL DE MEDICINA (NLM) [R] | |
| Número clasificador [R] | WS 115 |
| 100 1# - ASIENTO PRINCIPAL--NOMBRE PERSONAL [NR] | |
| ID Autoridad | 175625 |
| Nombre personal [NR] | Fraker, Cheri |
| 245 10 - MENCION DE TITULO [NR] | |
| Título [NR] | Evaluation and treatment of pediatric feeding disorders |
| Parte restante del título [NR] | from NICU to childhood |
| Mención de responsabilidad, etc. [NR] | Cheri Fraker, Laura Walbert ; prólogo Mark Fishbein |
| 260 ## - PUBLICACION, DISTRIBUCION, ETC. (PIE DE IMPRENTA) [R] | |
| Lugar de publicación, distribución, etc. [R] | Austin, Texas |
| Nombre del editor, distribuidor, etc. [R] | Proed |
| Fecha de publicación, distribución, etc. [R] | 2003 |
| 300 ## - DESCRIPCION FISICA [R] | |
| Extensión [R] | [14] 173 páginas |
| Otros detalles físicos [NR] | ilustraciones |
| 500 ## - NOTA GENERAL [R] | |
| Nota general [NR] | Bibliografía Básica - Escuela de Medicina y Ciencias de la Salud - Pregrado en Fonoaudiología |
| 504 ## - NOTA DE BIBLIOGRAFIA, ETC. [R] | |
| Nota de bibliografía, etc. [NR] | Incluye referencias bibliográficas e índices |
| 650 #7 - ASIENTO SECUNDARIO DE MATERIA - TERMINO TEMATICO [R] | |
| Término temático o nombre geográfico como elemento de entrada [NR] | Trastornos de la deglución |
| Subdivisión general [R] | Rehabilitación |
| 9 (RLIN) | 175628 |
| 650 #0 - ASIENTO SECUNDARIO DE MATERIA - TERMINO TEMATICO [R] | |
| 9 (RLIN) | 72371 |
| Término temático o nombre geográfico como elemento de entrada [NR] | Trastornos de Ingestión y Alimentación en la Niñez |
| Subdivisión general [R] | Rehabilitación |
| 650 #7 - ASIENTO SECUNDARIO DE MATERIA - TERMINO TEMATICO [R] | |
| 9 (RLIN) | 8832 |
| Término temático o nombre geográfico como elemento de entrada [NR] | Alimentación |
| Subdivisión general [R] | Métodos |
| 700 1# - ASIENTO SECUNDARIO - NOMBRE PERSONAL [R] | |
| 9 (RLIN) | 175626 |
| Nombre personal [NR] | Walbert, Laura |
| 700 1# - ASIENTO SECUNDARIO - NOMBRE PERSONAL [R] | |
| 9 (RLIN) | 175627 |
| Nombre personal [NR] | Fishbein, Mark |
| Término de relación [R] | prólogo |
| 942 ## - ELEMENTOS DE ENTRADA AGREGADOS (KOHA) | |
| Sistema de clasificación | NLM |
| Tema principal | Medicina |
| Tipo de ítem principal el descrito en 300a | Libro |
| Edición | 1 |
| Clasificación | WS 115 |
| Parte restante de la signatura top. | F812e |
| Título oculto en OPAC | No |
| Total préstamos | Signatura topográfica | Código de barras | Última vez visto | Ejemplar | Costo de reposición | Price effective from | Tipo de ítem | Perdido | Sistema de clasificación | Dañado | No prestable | Tipo de ítem específico | Suprimido | Ubicación habitual | Ubicación actual | Localización | Fecha de creación | Forma de adquisición | Costo |
|---|---|---|---|---|---|---|---|---|---|---|---|---|---|---|---|---|---|---|---|
| WS 115 F812e | 100170773 | 21/04/2026 | Ej.1 | 787860.00 | 19/09/2022 | Libro | NLM | Libro | Quinta de Mutis | Quinta de Mutis | 2do piso | 19/09/2022 | Compra | 787860.00 |